000 00823nam a2200265 a 4500
001 BRL_1042
005 20190320211017.0
008 051113s1976----mx-l######---#000-0#spa-#
041 _aspa
044 _amx
050 4 _aHD2346.M4
_b.N68 1976
100 1 _aNovelo, Victoria
_9424
245 1 0 _aArtesanías y capitalismo en México
_cVictoria Novelo.
260 _aMéxico
_bSEP : INAH
_c1976
300 _a270 p.
_bil.
_c21 cm.
500 _aPortada: Diseño de Sergio Fernández, sobre una fotografía de Ruth Lechuga
500 _aAu1202
500 _aIncluye dedicatoria a Ruth Lechuga
504 _aBibliografía: p. 262-266
650 1 4 _aArtesanías
_zMéxico
_93976
650 1 4 _aIndustria artesanal
_xPolítica y gobierno
_zMéxico
_925663
650 1 4 _aCapitalismo
_917224
902 _aGRL
942 _2lcc
_cB
999 _c9854
_d9854